Normal view
MARC view
Entry Personal Name
001 - CONTROL NUMBER
- control field: 1072143
003 - CONTROL NUMBER IDENTIFIER
- control field: OSt
005 - DATE AND TIME OF LATEST TRANSACTION
- control field: 20260121171117.0
008 - FIXED-LENGTH DATA ELEMENTS
- fixed length control field: 260121|| aca||aabn | a|a d
040 ## - CATALOGING SOURCE
- Original cataloging agency: OSt
- Transcribing agency: OSt
100 ## - HEADING--PERSONAL NAME
- Personal name: Manuel Llorca-Jaña, Rory M. Miller, Diego Barría
670 ## - SOURCE DATA FOUND
- Source citation: Work cat.: (OSt)1637873: Manuel Llorca-Jaña, Rory M. Miller, Diego Barría, Capitalists, Business and State-Building in Chile
